| 000 | 00697nam a22002177a 4500 | ||
|---|---|---|---|
| 003 | 0 | ||
| 005 | 20250830111827.0 | ||
| 008 | 250830b xxu||||| |||| 00| 0 eng d | ||
| 020 | _a978-1-64726-918-0 | ||
| 050 |
_aHF 1414 _b.R63 2025 |
||
| 100 |
_aRobinson, Eduardo, _eauthor. |
||
| 245 |
_aUnderstanding the world economy / _cEduardo Robinson. |
||
| 260 |
_aNew York, NY : _bClanrye International, _c2025. |
||
| 300 |
_aviii, 208 pages : _bcolored illustrations ; _c26 cm. |
||
| 504 | _aIncludes bibliographical references and index. | ||
| 650 | _aCompetition, International. | ||
| 650 | _aEconomics. | ||
| 650 | _aInternational trade. | ||
| 650 | _aEconomic development. | ||
| 942 |
_2lcc _cBK |
||
| 999 |
_c367714 _d367714 |
||